Lymbus Művelődéstörténeti Tár V.
Elmentve itt :
| Dokumentumtípus: | Könyv |
|---|---|
| Megjelent: |
1994
|
| Sorozat: | Lymbus Művelődéstörténeti Tár
5 |
| Online Access: | http://misc.bibl.u-szeged.hu/29082 |
| LEADER | 00473nam a2200145 i 4500 | ||
|---|---|---|---|
| 001 | misc29082 | ||
| 005 | 20191121111657.0 | ||
| 008 | 180103s1994 hu o 0|| zxx d | ||
| 022 | |a 0865-0632 | ||
| 040 | |a SZTE Miscellanea Repozitórium |b hun | ||
| 041 | |a zxx | ||
| 245 | 0 | 0 | |a Lymbus Művelődéstörténeti Tár V. |h [elektronikus dokumentum] |
| 260 | |c 1994 | ||
| 490 | 0 | |a Lymbus Művelődéstörténeti Tár |v 5 | |
| 856 | 4 | 0 | |u http://misc.bibl.u-szeged.hu/29082/1/lym_005.pdf |z Dokumentum-elérés |